ბათუმის შოთა რუსთაველის სახელმწიფო უნივერსიტეტის ბიბლიოთეკა

Англо-Русский словарь по экономике и финансам=English-Russian Dictionary of Economics and Finance. (ბიბ.ჩანაწერი № 38560)

000 -LEADER
fixed length control field 00869nam a2200241Ia 4500
001 - CONTROL NUMBER
control field 4661
003 - CONTROL NUMBER IDENTIFIER
control field GE_BSU
008 - FIXED-LENGTH DATA ELEMENTS--GENERAL INFORMATION
fixed length control field 181216s||||||||xx |||||||||||||| ||und||
020 ## - INTERNATIONAL STANDARD BOOK NUMBER
International Standard Book Number 5900428052
040 ## - CATALOGING SOURCE
Transcribing agency GE_BSU
080 ## - UNIVERSAL DECIMAL CLASSIFICATION NUMBER
Universal Decimal Classification number 33+336(083).81"374.822=111=161.1
245 ## - TITLE STATEMENT
Title Англо-Русский словарь по экономике и финансам=English-Russian Dictionary of Economics and Finance.
245 ## - TITLE STATEMENT
Statement of responsibility, etc. Под ред. А.В. Аникина.
260 ## - PUBLICATION, DISTRIBUTION, ETC.
Place of publication, distribution, etc. СПб.
260 ## - PUBLICATION, DISTRIBUTION, ETC.
Name of publisher, distributor, etc. Экономическая школа.
260 ## - PUBLICATION, DISTRIBUTION, ETC.
Date of publication, distribution, etc. 1993.
300 ## - PHYSICAL DESCRIPTION
Extent 590стр.23см.
653 ## - INDEX TERM--UNCONTROLLED
Uncontrolled term Англо-Русский словарь по экономике и финансам. English-Russian Dictionary of Economics and Finance.
653 ## - INDEX TERM--UNCONTROLLED
Uncontrolled term Экономика
653 ## - INDEX TERM--UNCONTROLLED
Uncontrolled term ეკონომიკა
942 ## - ADDED ENTRY ELEMENTS (KOHA)
Koha item type წიგნი
ეგზემპლარები
Withdrawn status Lost status Damaged status Not for loan Date acquired Barcode Date last seen Price effective from Koha item type Public note
        2018-12-17 8401 2018-12-17 2018-12-17 წიგნი საცავი
        2018-12-17 8402 2018-12-17 2018-12-17 წიგნი საცავი